Представление документа в формате RUSMARC

ПолеНазваниеЗначение
  Тип записи a
  Библиографический уровень m
001 Контрольный номер RU/IS/BASE/323179599
005 Дата корректировки 20201206204720.3
010 Индекс ISBN __
a ISBN 978-966-8838-26-2
d Цена 227-81
101 Язык документа __
a Язык текста rus
c Язык оригинала rus
200 Заглавие и сведения об ответственности __
a Заглавие Я сам! Понимаем ли мы послание детей?
f Первые сведения об ответственности Вольфганг Вюнш
b Общее обозначение материала Текст
210 Выходные данные __
a Место издания Киев
c Издательство НАИРИ
d Дата издания 2009
215 Физическое описание __
a Объем 64 с.
330 Аннотация __
a Аннотация Автор, известный композитор и педагог обращает внимание на характер искусства современной эпохи, и находит его взаимосвязь с теми особенностями, которые можно наблюдать в современных детях по сравнению с предыдущими поколениями.
517 Другие варианты заглавия __
a Другие варианты заглавия Понимаем ли мы послание детей?
606 Тематические рубрики __
a Основная рубрика Образование. Педагогика
606 Тематические рубрики __
a Основная рубрика Теория и методика воспитания
610 Ключевые слова __
a Ключевые слова эстетическое образование; эстетическое воспитание; музыкальное воспитание; музыкальное восприятие; детская самостоятельность; самостоятельность ребенка; воспитание детей; воспитание культуры; воспитание личности; воспитание детей; воспитание чувств
686 Индексы других классификаций __
a Классификационный индекс В74.200.54
700 Автор _1
a Фамилия Вюнш
b Имя В.
4 Код отношения 070
801 Источник записи _0
a Страна RU
b Организация Муниципальное бюджетное учреждение культуры "Централизованная библиотечная система" г. Сургут (Центральная городская библиотека им. А. С. Пушкина)
g Правила каталогизации КиК/Елгина
801 Источник записи _1
a Страна RU
b Организация Муниципальное бюджетное учреждение культуры "Централизованная библиотечная система" г. Сургут (Центральная городская библиотека им. А. С. Пушкина)
g Правила каталогизации КиК/Елгина
852 Данные о местонахождении __
j Шифр хранения В74.200.54
c Каталожный индекс В74.200.54
i Авторский знак В 98
901 Тип документа __
t Тип документа m
903 Характеристики (МАРС) __
a Дата передачи 20100331
990 Данные о заказе (DOS) __
j Количество экземпляров (DOS) 1
h N записи в КСУ для Б/У (DOS) 201004